000 00743nam a2200241Ia 4500
003 OSt
005 20220926004736.0
006 a|||||r|||| 00| 0
007 ta
008 220923b |||||||| |||| 00| 0 eng d
037 _cGeneral Book
040 _aRTL
_cRTL
_beng
041 _2eng
_aeng
082 _aX9(F555)a1,N7, L8
100 _aSadhu Ashok K Ed.
_9309168
245 0 _aEnergy
_b The alernative resoruces A bibligraphy
260 _a New Delhi
_bSagar publication India
_c1978
300 _axxiii,231p.
_ccm.
650 _aPetroleum Industry
700 _a Verma Promod K Ed.
_9309169
942 _hX9(F555)a1,N7, L8
_cGB
_2CC
999 _c612133
_d612133